Evénements du 6 janvier - Statistiques

Statistiques générales
  • Ce quiz a été pris 54 fois
  • Le résultat moyen est 9 sur 15
Statistiques - réponses
Hint Réponse % Correct
Invasion du capitole par les partisans de Donald Trump 2021
90%
Naissance de Jeanne d'Arc 1412
75%
En France, création de la CNIL 1978
73%
Naissance de Jacques-Etienne de Montgolfier, inventeur 1745
68%
1ère apparition de Sherlock Holmes 1887
68%
1er essai réussi de Bombe H en Corée-du-Nord 2016
63%
Naissance de Paolo Conte, chanteur 1937
60%
Philippe IV est sacré roi de France 1286
55%
Philippe V est sacré roi de France 1317
55%
Fondation de la ville de Mérida au Mexique 1542
50%
Mort de l'acteur Sydney Poitier 2022
48%
1ère messe célébrée en Amérique 1494
45%
Mort du président Théodore Roosevelt 1919
40%
Le Nouveau Mexique devient le 47e état américain 1912
38%
Jacques II d'Angleterre est déposé 1689
33%
Aucun quiz correspondant
Distribution des résultats
% des personnes avec chaque résultat
Percentile par nombre de réponses
Votre historique - résultats
Vous n’avez pas pris ce quiz